福北ゆたか線の駅 - Statistics

General Stats
  • This quiz has been taken 6 times
  • The average score is 15 of 29
Answer Stats
Hint Answer % Correct
00 博多
100%
JC01 吉塚
83%
JC13 飯塚
83%
JC14 新飯塚
83%
JC19 直方
83%
JA21 黒崎
83%
JC02 柚須
67%
JC04 長者原
67%
JC06 篠栗
67%
JC26・JA19 折尾
67%
JC11 桂川
50%
JC17 小竹
50%
JC24 中間
50%
JC03 原町
33%
JC05 門松
33%
JC07 筑前山手
33%
JC08 城戸南蔵院前
33%
JC09 九郎原
33%
JC10 筑前大分
33%
JC12 天道
33%
JC15 浦田
33%
JC16 鯰田
33%
JC18 勝野
33%
JC20 新入
33%
JC21 筑前植木
33%
JC22 鞍手
33%
JC23 筑前垣生
33%
JC25 東水巻
33%
JA20 陣原
33%
No matching quizzes found
Score Distribution
Percent of People with Each Score
Percentile by Number Answered
Your Score History
You have not taken this quiz